000 00595nam a22001937a 4500
003 OSt
005 20251126083838.0
008 251126b |||||||| |||| 00| 0 eng d
040 _aDWCL-Admin lib
_cOC
082 _aCirc. 320.3 S679c 2008
100 _aSodaro, Michael J.
245 _a Comparative politics :
_ba global introduction /
_cMichael J. Sodaro
260 _aBoston :
_bMcGraw-Hill,
_cc2008
300 _a xxii, 825 p. :
_bill. ;
_c26 cm.
504 _aIncludes index.
650 _a1. Comparative government
700 _aCollinwood, Dean W.
942 _2ddc
_cBK-CIRC
_kCirc.
_n0
999 _c6340
_d6340